000 00250nam a2200109Ia 4500
008 190216s9999||||xx |||||||||||||| ||und||
100 _aNamboodiripad
245 0 _aRailway Engineering
260 _bBhasha Institute
650 _aPhysics
942 _cBK
999 _c40034
_d40034